Documentos municipales y administrativos de Valparaíso
-д хадгалсан:
| Формат: | Ном |
|---|---|
| Хэл сонгох: | испани |
| Хэвлэсэн: |
Valparaíso
Babra
1875
|
| Нөхцлүүд: | |
| Шошгууд: |
Шошго нэмэх
Шошго байхгүй, Энэхүү баримтыг шошголох эхний хүн болох!
|
MARC
| LEADER | 00000nam a2200000 a 4500 | ||
|---|---|---|---|
| 001 | UCO0658 | ||
| 003 | CL-VaPUC | ||
| 008 | 000428e18750000CL |||||||||||||||||spa|d | ||
| 082 | 0 | 4 | |a 352.083255 |b DOC |2 21 |
| 245 | 1 | 0 | |a Documentos municipales y administrativos de Valparaíso |
| 300 | |a v | ||
| 942 | |c BK | ||
| 945 | |d 20000428 00:00:00 |a crobeson | ||
| 260 | |a Valparaíso |b Babra |c 1875 | ||
| 500 | |a v.1: Actas de las sesiones municipales desde el 7 de agosto de 1872 hasta el 23 de diciembre de 1874 y los proyectos, acuerdos, informes y otros documentos | ||
| 500 | |a v.2: Documentos administrativos de la intendencia, y algunas leyes y disposiciones supremas de interes jeneral dictadas desde enero de 1872 hasta el 31 de diciembre de 1875 | ||
| 500 | |a v.3: Actas de las sesiones municipales desde el 12 de marzo de 1875 hasta 31 de agosto de 1876 | ||
| 500 | |a v.4: Actas de las sesiones municipales desde el 30 de agosto de 1876 hasta el 31 de diciembre de 1879 | ||
| 500 | |a v.5: Actas de las sesiones municipales desde el 1o. de enero de 1880 hasta el 31 de diciembre de 1882 | ||
| 500 | |a v.6: Actas de las sesiones municipales desde el 1o. de enero de 1883 hasta el 4 de mayo de 1885 | ||
| 500 | |a v.7: Actas de las sesiones municipales desde el 3 de mayo de 1885 hasta el 5 de mayo de 1888 | ||
| 500 | |a v.8: Actas de las sesiones municipales desde el 5 de mayo de 1888 hasta el 26 de noviembre de 1890 | ||
| 500 | |a v.9: Actas de las sesiones municipales desde el 30 de agosto de 1891 hasta el 6 de abril de 1894 | ||
| 500 | |a v.10: Actas de las sesiones municipales desde el mes de mayo de 1894 hasta el mes de abril de 1897 | ||
| 500 | |a v.11: Actas de las sesiones municipales desde el 2 de mayo de 1897 hasta el 19 de abril de 1900 | ||
| 650 | 0 | |a Municipalidades |9 255557 | |
| 650 | 0 | |a Administración municipal |9 367333 | |
| 650 | 0 | |a Actas |9 377156 | |
| 650 | 7 | |a DOCUMENTOS |2 CL-VaPUC |9 366450 | |
| 650 | 0 | |a Informes |9 334810 | |
| 650 | 0 | |a Proyectos |9 337967 | |
| 651 | 0 | |a Valparaíso, Chile |9 261144 | |
| 583 | |a last modification |c 20000428 00:00:00 |k Rodrigo Vera | ||
| 999 | |c 287306 |d 287304 | ||
| 952 | |0 0 |1 0 |4 0 |6 352_083255000000000_DOC_1875 |7 0 |8 X |9 334102 |a BIBHIS |b BIBHIS |d 2019-11-20 |h v.1 |i 1271091 |l 2 |m 1 |o 352.083255 DOC 1875 |p 1271091 |r 2025-03-19 |s 2025-03-14 |w 2019-11-20 |y BK_X |k HIS | ||
| 952 | |0 0 |1 0 |4 0 |6 352_083255000000000_DOC_1875 |7 0 |8 X |9 334103 |a BIBHIS |b BIBHIS |d 2019-11-20 |h v.1 |i 1271105 |o 352.083255 DOC 1875 |p 1271105 |r 2024-01-30 |w 2019-11-20 |y BK_X |k HIS | ||
| 952 | |0 0 |1 0 |4 0 |6 352_083255000000000_DOC_1875 |7 0 |8 X |9 334104 |a BIBHIS |b BIBHIS |d 2019-11-20 |h v.1 |i 1271113 |o 352.083255 DOC 1875 |p 1271113 |r 2024-01-30 |w 2019-11-20 |y BK_X |k HIS | ||
| 952 | |0 0 |1 0 |4 0 |6 352_083255000000000_DOC_1875 |7 0 |8 X |9 334105 |a BIBHIS |b BIBHIS |d 2019-11-20 |h v.2 |i 1271121 |l 5 |o 352.083255 DOC 1875 |p 1271121 |r 2025-03-21 |s 2025-03-19 |w 2019-11-20 |y BK_X |k HIS | ||
| 952 | |0 0 |1 0 |4 0 |6 352_083255000000000_DOC_1875 |7 0 |8 X |9 334106 |a BIBHIS |b BIBHIS |d 2019-11-20 |h v.2 |i 127113K |o 352.083255 DOC 1875 |p 127113K |r 2024-01-30 |w 2019-11-20 |y BK_X |k HIS | ||
| 952 | |0 0 |1 0 |4 0 |6 352_083255000000000_DOC_1875 |7 0 |8 X |9 334107 |a BIBHIS |b BIBHIS |d 2019-11-20 |h v.3 |i 1271148 |o 352.083255 DOC 1875 |p 1271148 |r 2024-01-30 |w 2019-11-20 |y BK_X |k HIS | ||
| 952 | |0 0 |1 0 |4 0 |6 352_083255000000000_DOC_1875 |7 0 |8 X |9 334108 |a BIBHIS |b BIBHIS |d 2019-11-20 |h v.3 |i 1271156 |l 2 |o 352.083255 DOC 1875 |p 1271156 |r 2025-03-21 |s 2025-03-19 |w 2019-11-20 |y BK_X |k HIS | ||
| 952 | |0 0 |1 0 |4 0 |6 352_083255000000000_DOC_1875 |7 0 |8 X |9 334109 |a BIBHIS |b BIBHIS |d 2019-11-20 |h v.4 |i 1271164 |o 352.083255 DOC 1875 |p 1271164 |r 2024-01-30 |w 2019-11-20 |y BK_X |k HIS | ||
| 952 | |0 0 |1 0 |4 0 |6 352_083255000000000_DOC_1875 |7 0 |8 X |9 334110 |a BIBHIS |b BIBHIS |d 2019-11-20 |h v.4 |i 1271172 |l 1 |o 352.083255 DOC 1875 |p 1271172 |r 2025-03-21 |s 2025-03-19 |w 2019-11-20 |y BK_X |k HIS | ||
| 952 | |0 0 |1 0 |4 0 |6 352_083255000000000_DOC_1875 |7 0 |8 X |9 334111 |a BIBHIS |b BIBHIS |d 2019-11-20 |h v.5 |i 1271180 |o 352.083255 DOC 1875 |p 1271180 |r 2024-01-30 |w 2019-11-20 |y BK_X |k HIS | ||
| 952 | |0 0 |1 0 |4 0 |6 352_083255000000000_DOC_1875 |7 0 |8 X |9 334112 |a BIBHIS |b BIBHIS |d 2019-11-20 |h v.5 |i 1271199 |l 1 |o 352.083255 DOC 1875 |p 1271199 |r 2025-03-21 |s 2025-03-19 |w 2019-11-20 |y BK_X |k HIS | ||
| 952 | |0 0 |1 0 |4 0 |6 352_083255000000000_DOC_1875 |7 0 |8 X |9 334113 |a BIBHIS |b BIBHIS |d 2019-11-20 |h v.6 |i 1271202 |l 1 |o 352.083255 DOC 1875 |p 1271202 |r 2025-03-21 |s 2025-03-19 |w 2019-11-20 |y BK_X |k HIS | ||
| 952 | |0 0 |1 0 |4 0 |6 352_083255000000000_DOC_1875 |7 0 |8 X |9 334114 |a BIBHIS |b BIBHIS |d 2019-11-20 |h v.7 |i 1271210 |l 1 |o 352.083255 DOC 1875 |p 1271210 |r 2025-03-26 |s 2025-03-21 |w 2019-11-20 |y BK_X |k HIS | ||
| 952 | |0 0 |1 0 |4 0 |6 352_083255000000000_DOC_1875 |7 0 |8 X |9 334115 |a BIBHIS |b BIBHIS |d 2019-11-20 |h v.7 |i 1271229 |o 352.083255 DOC 1875 |p 1271229 |r 2024-01-30 |w 2019-11-20 |y BK_X |k HIS | ||
| 952 | |0 0 |1 0 |4 0 |6 352_083255000000000_DOC_1875 |7 0 |8 X |9 334116 |a BIBHIS |b BIBHIS |d 2019-11-20 |h v.8 |i 1271237 |l 1 |m 1 |o 352.083255 DOC 1875 |p 1271237 |r 2025-03-19 |s 2025-03-14 |w 2019-11-20 |y BK_X |k HIS | ||
| 952 | |0 0 |1 0 |4 0 |6 352_083255000000000_DOC_1875 |7 0 |8 X |9 334117 |a BIBHIS |b BIBHIS |d 2019-11-20 |h v.8 |i 1271245 |o 352.083255 DOC 1875 |p 1271245 |r 2024-01-30 |w 2019-11-20 |y BK_X |k HIS | ||
| 952 | |0 0 |1 0 |4 0 |6 352_083255000000000_DOC_1875 |7 0 |8 X |9 334118 |a BIBHIS |b BIBHIS |d 2019-11-20 |h v.9 |i 1271253 |l 1 |o 352.083255 DOC 1875 |p 1271253 |r 2025-03-14 |s 2025-03-13 |w 2019-11-20 |y BK_X |k HIS | ||
| 952 | |0 0 |1 0 |4 0 |6 352_083255000000000_DOC_1875 |7 0 |8 X |9 334119 |a BIBHIS |b BIBHIS |d 2019-11-20 |h v.9 |i 1271261 |o 352.083255 DOC 1875 |p 1271261 |r 2024-01-30 |w 2019-11-20 |y BK_X |k HIS | ||
| 952 | |0 0 |1 0 |4 0 |6 352_083255000000000_DOC_1875 |7 0 |8 X |9 334120 |a BIBHIS |b BIBHIS |d 2019-11-20 |h v10 p.2 |i 127127K |l 1 |o 352.083255 DOC 1875 |p 127127K |r 2025-03-14 |s 2025-03-13 |w 2019-11-20 |y BK_X |k HIS | ||
| 952 | |0 0 |1 0 |4 0 |6 352_083255000000000_DOC_1875 |7 0 |8 X |9 334121 |a BIBHIS |b BIBHIS |d 2019-11-20 |h v.10 |i 1271288 |o 352.083255 DOC 1875 |p 1271288 |r 2024-01-30 |w 2019-11-20 |y BK_X |k HIS | ||
| 952 | |0 0 |1 0 |4 0 |6 352_083255000000000_DOC_1875 |7 0 |8 X |9 334122 |a BIBHIS |b BIBHIS |d 2019-11-20 |h v.10 |i 1271296 |l 1 |m 1 |o 352.083255 DOC 1875 |p 1271296 |r 2025-03-19 |s 2025-03-14 |w 2019-11-20 |y BK_X |k HIS | ||
| 952 | |0 0 |1 0 |4 0 |6 352_083255000000000_DOC_1875 |7 0 |8 X |9 334123 |a BIBHIS |b BIBHIS |d 2019-11-20 |h v.11 |i 127130K |o 352.083255 DOC 1875 |p 127130K |r 2024-01-30 |w 2019-11-20 |y BK_X |k HIS | ||
| 952 | |0 0 |1 0 |4 0 |6 352_083255000000000_DOC_1875 |7 0 |8 X |9 334124 |a BIBHIS |b BIBHIS |d 2019-11-20 |h v.11 |i 1271318 |o 352.083255 DOC 1875 |p 1271318 |r 2019-11-20 |w 2019-11-20 |y BK_X |k HIS | ||